Los grabados del barranco de Balos (Record no. 30652)

MARC details
000 -LEADER
campo de control de longitud fija 00733nam a2200217 i 4500
001 - NÚMERO DE CONTROL
campo de control 30652
003 - IDENTIFICADOR DE NÚMERO DE CONTROL
campo de control ES-MaACL
005 - FECHA Y HORA DE LA ÚLTIMA TRANSACCIÓN
campo de control 20251011063057.0
007 - CAMPO FIJO DE DESCRIPCIÓN FÍSICA--INFORMACIÓN GENERAL
campo de control de longitud fija t|
008 - DATOS DE LONGITUD FIJA--INFORMACIÓN GENERAL
campo de control de longitud fija 030127s1971 sp ||||1| spa d
100 1# - ENTRADA PRINCIPAL--NOMBRE DE PERSONA
Nombre de persona Beltrán, Antonio,
Fechas asociadas al nombre 1916-2006
9 (RLIN) 27333
245 14 - MENCIÓN DEL TÍTULO
Título Los grabados del barranco de Balos
Resto del título : Gran Canaria /
Mención de responsabilidad, etc. Antonio Beltrán Martínez.
260 ## - PUBLICACIÓN, DISTRIBUCIÓN, ETC.
Lugar de publicación, distribución, etc. Las Palmas de Gran Canaria :
Nombre del editor, distribuidor, etc. El Museo Canario,
Fecha de publicación, distribución, etc. 1971.
300 ## - DESCRIPCIÓN FÍSICA
Extensión 155 p., 98 lám. :
Otras características físicas il. ;
Dimensiones 32 cm.
490 1# - MENCIÓN DE SERIE
Mención de serie Arqueológica ;
Designación de volumen o secuencia 1
650 #4 - PUNTO DE ACCESO ADICIONAL DE MATERIA--TÉRMINO DE MATERIA
Término de materia o nombre geográfico como elemento de entrada Pintura rupestre-
Subdivisión geográfica Gran Canaria.
9 (RLIN) 168531
710 2# - ENTRADA AGREGADA--NOMBRE DE ENTIDAD CORPORATIVA
Nombre de entidad corporativa o nombre de jurisdicción como elemento de entrada El Museo Canario.
9 (RLIN) 3455
830 0# - PUNTO DE ACCESO ADICIONAL DE SERIE-TÍTULO UNIFORME
Título uniforme Arqueológica ;
Designación de volumen o secuencia 1
9 (RLIN) 229346
852 ## - LOCALIZACIÓN
Ubicación ES-MaACL
Número de control de estantería C-41253
Sublocalización o colección R.76673
Holdings
Estatus retirado Estado de pérdida Estado de daño No para préstamo Biblioteca de origen Biblioteca actual Ubicación en estantería Fecha de adquisición Fuente de adquisición Total de préstamos Signatura topográfica completa Código de barras Visto por última vez Precio de reemplazo Tipo de ítem Koha
        Biblioteca del Ateneo de Madrid Biblioteca del Ateneo de Madrid Depósito 2 17/01/2008     C-41253 1031651 23/02/2023 23/02/2023 Libro impreso